Cities of the Province in Netherlands: Drenthe - Statistics

General Stats
  • This quiz has been taken 121 times
  • The average score is 5 of 5
Answer Stats
City % Correct
Assen
100%
Emmen
98%
Meppel
92%
Hoogeveen
89%
Coevorden
79%
No matching quizzes found
Score Distribution
Percent of People with Each Score
Percentile by Number Answered
Your Score History
You have not taken this quiz